|
|
|
|
| LEADER |
00663nam a22001811a 4500 |
| 020 |
|
|
|a 9789380921778
|
| 082 |
|
|
|a AMB 954.035
|b GEE/B
|
| 100 |
|
|
|a Geetanjali
|9 6405
|
| 245 |
|
|
|a Dr. B R Ambedkar:
|b dalit movement in India/
|c by Geetanjali.
|
| 260 |
|
|
|a New Delhi:
|b Centrum Press,
|c 2011.
|
| 300 |
|
|
|a 296p.
|
| 650 |
|
|
|a Dalit Studies
|9 6406
|
| 650 |
|
|
|a Dalit Movements India
|9 6407
|
| 650 |
|
|
|a Social Sciences
|9 6408
|
| 650 |
|
|
|a Ambedkar Studies
|9 6409
|
| 942 |
|
|
|c BK
|
| 999 |
|
|
|c 11287
|d 11287
|
| 952 |
|
|
|0 0
|1 0
|4 0
|6 AMB_954_035000000000000_GEE_B
|7 0
|9 16429
|a SSUS
|b SSUS
|c STACKS
|d 2015-01-08
|g 995.00
|l 2
|m 1
|o AMB 954.035 GEE/B
|p 069250
|r 2016-10-27
|s 2016-08-12
|v 0.00
|w 2015-01-08
|y BK
|